Vista normal Vista MARC

Entrada Meeting Name

Número de registros utilizados en: 1

001 - CONTROL NUMBER

  • control field: 37650

003 - CONTROL NUMBER IDENTIFIER

  • control field: OSt

005 - DATE AND TIME OF LATEST TRANSACTION

  • control field: 20210514201112.0

008 - FIXED-LENGTH DATA ELEMENTS

  • fixed length control field: 210514|| aca||aabn | a|a d

040 ## - CATALOGING SOURCE

  • Original cataloging agency: OSt
  • Transcribing agency: OSt

111 ## - HEADING--MEETING NAME

  • Meeting name or jurisdiction name as entry element: Encuentro Nacional de Comités de Laboralistas

670 ## - SOURCE DATA FOUND

  • Source citation: Work cat.: (OSt)7857: 15645, Memorias Encuentro Nacional de Comités de Laboralistas / , 1998